[Event "Sparkassen-Open A"]
[Site "Heusenstamm, Martinsee"]
[Date "2017.11.26"]
[Round "6.96"]
[White "Deuer, Marius"]
[Black "Foerster-Yialamas, Lucas"]
[Result "1/2-1/2"]
[WhiteElo "1754"]
[BlackElo "1825"]
[PlyCount "109"]
[EventDate "2017.??.??"]
[WhiteTeam "SC Weiße Dame Ulm"]
[BlackTeam "SK Frankenthal"]

1. e4 c5 2. Nf3 d6 3. Bb5+ Nd7 4. O-O a6 5. Bd3 b5 6. c4 b4 7. Bc2 g6 8. d4 Bg7
9. Re1 Bb7 10. d5 Ngf6 11. Nbd2 O-O 12. Rb1 Nb6 13. e5 Nfd7 14. e6 Ne5 15. Ng5
h6 16. exf7+ Rxf7 17. Nxf7 Kxf7 18. Qe2 Bc8 19. h3 Bf6 20. f4 Ned7 21. f5 Ne5
22. fxg6+ Nxg6 23. Qh5 Qg8 24. Ne4 Nxc4 25. Nxf6 exf6 26. Bxg6+ Qxg6 27. Re7+
Kxe7 28. Qxg6 Ne5 29. Bxh6 Nxg6 30. Rf1 Bb7 31. Bg7 Bxd5 32. Bxf6+ Kd7 33. h4
Bc4 34. Rf2 Rg8 35. h5 Ne5 36. h6 Ng4 37. h7 Nxf6 38. hxg8=Q Nxg8 39. b3 Bd5
40. Rd2 Kc6 41. Kf2 c4 42. bxc4 Bxc4 43. Ke3 Kc5 44. Rc2 a5 45. g4 a4 46. g5 b3
47. axb3 axb3 48. Rb2 d5 49. g6 Kb4 50. Kd2 Ka3 51. Rb1 d4 52. Ra1+ Kb2 53. Rc1
Ka3 54. Rxc4 b2 55. Rc8 1/2-1/2

[Event "Sparkassen-Open A"]
[Site "Heusenstamm, Martinsee"]
[Date "2017.11.26"]
[Round "6.98"]
[White "Seepe, Uwe"]
[Black "Khamenya, Vitalia"]
[Result "1/2-1/2"]
[WhiteElo "1662"]
[BlackElo "1913"]
[PlyCount "38"]
[EventDate "2017.??.??"]
[WhiteTeam "SV Königsspringer Lemgo"]
[BlackTeam "SK Gräfelfing"]

1. d4 d5 2. Nf3 e6 3. e3 Bd6 4. Bd3 f5 5. O-O Nf6 6. b3 O-O 7. Ba3 Bxa3 8. Nxa3
Bd7 9. Rc1 c6 10. Nb1 Kh8 11. Nbd2 Ne4 12. c4 Be8 13. Ne5 Nd7 14. Nxd7 Qxd7 15.
Nf3 Rf6 16. Ne5 Qe7 17. f4 Rh6 18. Bxe4 fxe4 19. Qe1 Bh5 1/2-1/2

[Event "Sparkassen-Open A"]
[Site "Heusenstamm, Martinsee"]
[Date "2017.11.26"]
[Round "6.99"]
[White "Stolle, Hendrik"]
[Black "Tjahja, Deryl"]
[Result "1-0"]
[WhiteElo "1578"]
[BlackElo "1904"]
[PlyCount "95"]
[EventDate "2017.??.??"]
[WhiteTeam "TG Biberach"]
[BlackTeam "SGem Vaihingen-Rohr"]

1. e4 g6 2. Nf3 Bg7 3. d4 d6 4. h3 a6 5. Nc3 e6 6. Be3 Ne7 7. Bd3 Nd7 8. O-O b6
9. Qd2 h6 10. Ne1 Bb7 11. f4 f5 12. e5 d5 13. Be2 c5 14. Bf3 Nc6 15. Ne2 Bf8
16. c4 cxd4 17. Nxd4 Nxd4 18. Bxd4 Nc5 19. cxd5 Bxd5 20. Qe3 Rb8 21. Kh2 Rh7
22. Rc1 Rd7 23. Bxd5 Rxd5 24. Nf3 a5 25. Rc4 Rc8 26. Rfc1 Qd7 27. a3 a4 28. Qc3
Kf7 29. Bxc5 Rdxc5 30. Rxc5 Rxc5 31. Qe1 Rxc1 32. Qxc1 Bc5 33. Qe1 Kg7 34. Qc3
Qd5 35. Ne1 Qd7 36. Nd3 Bd4 37. Qc4 g5 38. g3 Kg6 39. Qc2 b5 40. g4 Bb6 41.
gxf5+ exf5 42. h4 Qd4 43. hxg5 Qg1+ 44. Kh3 Qg4+ 45. Kh2 Bg1+ 46. Kh1 Be3 47.
Qc6+ Kh5 48. Qxh6# 1-0

[Event "Sparkassen-Open A"]
[Site "Heusenstamm, Martinsee"]
[Date "2017.11.26"]
[Round "6.100"]
[White "Meyer, Marcel"]
[Black "Sallwey, Rainer"]
[Result "1-0"]
[WhiteElo "1751"]
[BlackElo "1436"]
[PlyCount "101"]
[EventDate "2017.??.??"]
[WhiteTeam "SC Herborn"]
[BlackTeam "SK Langen"]

1. g3 Nf6 2. Bg2 d5 3. e3 c6 4. Ne2 e5 5. O-O Bd6 6. b3 O-O 7. Bb2 Bg4 8. c4
Qd7 9. d4 e4 10. cxd5 cxd5 11. Nbc3 Bh3 12. Rc1 Bxg2 13. Kxg2 a6 14. Na4 Qb5
15. Nec3 Qa5 16. a3 Nbd7 17. b4 Qd8 18. Nc5 Bxc5 19. bxc5 Rc8 20. Qb3 b6 21.
Nxd5 bxc5 22. Nxf6+ Nxf6 23. Rxc5 Rb8 24. Qc2 Re8 25. Bc3 Qd7 26. Rb1 Rxb1 27.
Qxb1 Qg4 28. Qf1 Qf3+ 29. Kg1 h5 30. Qg2 Qd1+ 31. Qf1 Qf3 32. Qg2 Qd1+ 33. Qf1
Qf3 34. Bb4 h4 35. Qg2 Qd1+ 36. Qf1 Qf3 37. Qg2 Qd1+ 38. Qf1 Qf3 39. Rc1 Qg4
40. Qxa6 hxg3 41. hxg3 Qf3 42. Qf1 g6 43. Qg2 Qg4 44. Bd6 Qe2 45. Qf1 Qf3 46.
Qg2 Qe2 47. Qf1 Qf3 48. Qb5 Kg7 49. Be5 Rh8 50. Bxf6+ Qxf6 51. Qe5 1-0

[Event "Sparkassen-Open A"]
[Site "Heusenstamm, Martinsee"]
[Date "2017.11.26"]
[Round "6.101"]
[White "Sauer, Bernd"]
[Black "Wenzel, Calvin"]
[Result "1/2-1/2"]
[WhiteElo "1862"]
[BlackElo "1629"]
[PlyCount "73"]
[EventDate "2017.??.??"]
[WhiteTeam "SF Essen-Katernberg"]
[BlackTeam "SK Gernsheim"]

1. d4 Nf6 2. c4 e6 3. Nc3 c5 4. d5 exd5 5. cxd5 d6 6. e4 g6 7. Be2 Bg7 8. Nf3
Bg4 9. Nd2 Bxe2 10. Qxe2 a6 11. a4 Nbd7 12. Nc4 Ne5 13. Nxe5 dxe5 14. Be3 Qc7
15. O-O O-O 16. a5 Rfc8 17. f3 b5 18. axb6 Qxb6 19. Na4 Qb4 20. Rfc1 Nd7 21.
Rc4 Qb7 22. Nc3 Qb6 23. b4 Qd6 24. bxc5 Nxc5 25. Ra5 Nb3 26. Rxc8+ Rxc8 27.
Qxa6 Qf8 28. Nb5 Nxa5 29. Qxa5 Bh6 30. Qd2 Bxe3+ 31. Qxe3 Qc5 32. Qxc5 Rxc5 33.
Na7 Kf8 34. Nc6 f6 35. Kf2 Ke8 36. g4 g5 37. Kg3 1/2-1/2

[Event "Sparkassen-Open A"]
[Site "Heusenstamm, Martinsee"]
[Date "2017.11.26"]
[Round "6.103"]
[White "Mao, Yvonne"]
[Black "Ebeling, Leander"]
[Result "0-1"]
[WhiteElo "1856"]
[BlackElo "1665"]
[PlyCount "92"]
[EventDate "2017.??.??"]
[WhiteTeam "SK Gernsheim"]
[BlackTeam "SK Mainaschaff"]

1. e4 c6 2. d4 d5 3. Nc3 dxe4 4. Nxe4 Bf5 5. Ng3 Bg6 6. h4 h6 7. h5 Bh7 8. Nf3
Nd7 9. Bd3 Bxd3 10. Qxd3 e6 11. Bd2 Ngf6 12. O-O-O Be7 13. Ne4 Nxe4 14. Qxe4
Nf6 15. Qd3 Qd5 16. Kb1 O-O 17. Ne5 c5 18. Qg3 Ne4 19. Qf3 cxd4 20. Rhe1 Nxd2+
21. Rxd2 Qxf3 22. Nxf3 Bb4 23. c3 dxc3 24. Rc2 cxb2 25. Re4 a5 26. Kxb2 Ra6 27.
Ne5 Rd8 28. a3 Be7 29. Ka2 Bf6 30. Ng4 Be7 31. Rec4 Rd3 32. a4 Ra3+ 33. Kb2
Rb6+ 34. Kc1 Bb4 35. Kd1 Rxa4 36. Ne5 Ra1+ 37. Rc1 Rd6+ 38. Ke2 Rd2+ 39. Kf3
Ra3+ 40. Ke4 Re2+ 41. Kd4 Rxf2 42. Nf3 Rxg2 43. Rc8+ Kh7 44. Ne5 Rd2+ 45. Kc4
Rd5 46. Nxf7 b5# 0-1

[Event "Sparkassen-Open A"]
[Site "Heusenstamm, Martinsee"]
[Date "2017.11.26"]
[Round "6.104"]
[White "Bittner, Peter"]
[Black "Heun, Andreas"]
[Result "1-0"]
[WhiteElo "1877"]
[BlackElo "1713"]
[PlyCount "69"]
[EventDate "2017.??.??"]
[WhiteTeam "SC Nied"]
[BlackTeam "SC Ladja Roßdorf"]

1. e4 d5 2. Nf3 c6 3. e5 c5 4. d4 cxd4 5. Qxd4 Nc6 6. Bb5 e6 7. O-O Bd7 8. Bxc6
Bxc6 9. Nc3 Ne7 10. Ne2 Nf5 11. Qd1 h5 12. c3 Be7 13. Ned4 Nxd4 14. cxd4 g5 15.
Be3 g4 16. Nd2 f5 17. exf6 Bxf6 18. Re1 Kd7 19. Nb3 b6 20. Qe2 Re8 21. Rac1 Bg5
22. Qa6 Bxe3 23. Rxe3 Qc8 24. Qe2 Re7 25. Rec3 a5 26. Rxc6 Qxc6 27. Rxc6 Kxc6
28. a4 Kb7 29. Qb5 Ka7 30. Nxa5 Rc8 31. Nc6+ Kb7 32. Nxe7 Rc1+ 33. Qf1 Rxf1+
34. Kxf1 Ka6 35. b4 1-0

[Event "Sparkassen-Open A"]
[Site "Heusenstamm, Martinsee"]
[Date "2017.11.26"]
[Round "6.105"]
[White "Schmitt, Clemens"]
[Black "Berkes, Jörg"]
[Result "1/2-1/2"]
[WhiteElo "1713"]
[BlackElo "1831"]
[PlyCount "69"]
[EventDate "2017.??.??"]
[WhiteTeam "SV Bergwinkel"]
[BlackTeam "SK Langen"]

1. c4 Nf6 2. g3 g6 3. Bg2 Bg7 4. Nc3 O-O 5. e4 e5 6. Nge2 d6 7. O-O Be6 8. d3
Qd7 9. f4 Bh3 10. f5 Bxg2 11. Kxg2 Nc6 12. Bg5 Ne7 13. Qd2 c6 14. Rf3 d5 15.
cxd5 cxd5 16. fxg6 fxg6 17. Raf1 Qc6 18. Bxf6 Bxf6 19. exd5 Nxd5 20. Nxd5 Qxd5
21. Nc3 Qc6 22. Ne4 Rad8 23. Qe3 Bg7 24. Rxf8+ Bxf8 25. Qf3 Bg7 26. Qf7+ Kh8
27. Qe7 Qd5 28. Rf7 Qxd3 29. Qxb7 Rg8 30. Rxg7 Qe2+ 31. Kg1 Qe3+ 32. Kg2 Rxg7
33. Qb8+ Rg8 34. Qxe5+ Rg7 35. Qb8+ 1/2-1/2

[Event "Sparkassen-Open A"]
[Site "Heusenstamm, Martinsee"]
[Date "2017.11.26"]
[Round "6.106"]
[White "Bakiev, Diyor"]
[Black "Schäfer, Peter Felix"]
[Result "1/2-1/2"]
[WhiteElo "1664"]
[BlackElo "1813"]
[PlyCount "38"]
[EventDate "2017.??.??"]
[WhiteTeam "SV Ffm-Griesheim"]
[BlackTeam "vereinslos"]

1. e4 e6 2. d4 d5 3. e5 c5 4. c3 Nc6 5. Nf3 Bd7 6. Bd3 cxd4 7. cxd4 Qb6 8. O-O
Nb4 9. Nc3 Nxd3 10. Qxd3 Bb4 11. Re1 Bxc3 12. bxc3 Bb5 13. Qe3 Ne7 14. Ba3 h6
15. Bc5 Qc6 16. Rec1 Bc4 17. Nd2 b6 18. Nxc4 dxc4 19. Bxe7 Kxe7 1/2-1/2

[Event "Sparkassen-Open A"]
[Site "Heusenstamm, Martinsee"]
[Date "2017.11.26"]
[Round "6.107"]
[White "Gude, Michael"]
[Black "Binner, Peter"]
[Result "0-1"]
[WhiteElo "1659"]
[BlackElo "1788"]
[PlyCount "90"]
[EventDate "2017.??.??"]
[WhiteTeam "SF Fürth"]
[BlackTeam "Vorw.Orient Mainz"]

1. e4 c5 2. c3 e6 3. d4 Nf6 4. Bd3 d5 5. e5 Nfd7 6. Ne2 Nc6 7. O-O cxd4 8. cxd4
Nb4 9. Bb5 a6 10. Ba4 b5 11. Bb3 Be7 12. a3 Nc6 13. Qd3 O-O 14. Nbc3 b4 15. Na2
a5 16. Bd2 Ba6 17. Qe3 Bxe2 18. Rfc1 Bc4 19. Ba4 Ncb8 20. b3 Ba6 21. axb4 axb4
22. Nxb4 Bb7 23. Nd3 Qb6 24. b4 Nc6 25. Nc5 Rfd8 26. Nxb7 Rxa4 27. Rxa4 Qxb7
28. Rca1 Nb6 29. b5 Nxa4 30. bxc6 Qxc6 31. Qb3 Nb6 32. Rc1 Nc4 33. Be3 Ra8 34.
g4 h6 35. f4 Qa4 36. Qd3 Qa3 37. Qxa3 Rxa3 38. Bf2 Ra2 39. Rb1 Rb2 40. Ra1 Bb4
41. f5 Na3 42. h4 Rb1+ 43. Rxb1 Nxb1 44. fxe6 fxe6 45. Kf1 Nd2+ 0-1

[Event "Sparkassen-Open A"]
[Site "Heusenstamm, Martinsee"]
[Date "2017.11.26"]
[Round "6.108"]
[White "Spelleken, Hans-Gerd"]
[Black "Völler, Lothar"]
[Result "1-0"]
[WhiteElo "1784"]
[BlackElo "1708"]
[PlyCount "105"]
[EventDate "2017.??.??"]
[WhiteTeam "SF Dettingen"]
[BlackTeam "FS Dortmund"]

1. Nf3 Nf6 2. d4 e6 3. e3 d5 4. Bd3 c5 5. c3 Nc6 6. Nbd2 cxd4 7. exd4 Be7 8.
O-O O-O 9. Re1 b6 10. Nf1 a6 11. Ng3 b5 12. a3 h6 13. Ne5 Bb7 14. Ng4 Nxg4 15.
Qxg4 Bg5 16. f4 Bh4 17. Nh5 Bf6 18. f5 exf5 19. Qxf5 Bxd4+ 20. cxd4 g6 21. Nf6+
Kg7 22. Nh5+ Kh7 23. Qf4 Qg5 24. Qf3 Nxd4 25. Qh3 Bc8 26. Bxg5 Bxh3 27. Bf6 Nb3
28. gxh3 Nxa1 29. Rxa1 Rfe8 30. Nf4 Re3 31. Kf2 Ree8 32. Bd4 Re7 33. Nxd5 Rd8
34. Nxe7 Rxd4 35. Ke3 Rh4 36. Bf1 Rh5 37. Kd4 Rh4+ 38. Kd3 Rf4 39. Ke3 Rf6 40.
Nd5 Re6+ 41. Kd4 f5 42. Bd3 Kg7 43. Rc1 h5 44. Rc7+ Kh6 45. Re7 Rc6 46. h4 g5
47. Bxf5 gxh4 48. Re6+ Rxe6 49. Bxe6 Kg5 50. Kc5 h3 51. Kb6 b4 52. axb4 h4 53.
Kxa6 1-0

[Event "Sparkassen-Open A"]
[Site "Heusenstamm, Martinsee"]
[Date "2017.11.26"]
[Round "6.109"]
[White "Masoudi, Kian"]
[Black "Haller, Luis"]
[Result "0-1"]
[WhiteElo "1581"]
[BlackElo "1711"]
[PlyCount "46"]
[EventDate "2017.??.??"]
[WhiteTeam "SC Bergen-Enkheim"]
[BlackTeam "SF Konz-Karthaus"]

1. e4 e6 2. d4 d5 3. Nc3 Nf6 4. Bg5 Bb4 5. e5 h6 6. Bd2 Nfd7 7. Qg4 g6 8. O-O-O
c5 9. a3 cxd4 10. Qxd4 Nc6 11. Qf4 Be7 12. Nf3 a6 13. h4 Qc7 14. Re1 b5 15. Nb1
Rb8 16. c3 b4 17. cxb4 Nxb4+ 18. Nc3 Na2+ 19. Kb1 Nxc3+ 20. Ka1 Ne4 21. Qe3 Bc5
22. Nd4 Qb6 23. Ba5 Qxb2# 0-1

[Event "Sparkassen-Open A"]
[Site "Heusenstamm, Martinsee"]
[Date "2017.11.26"]
[Round "6.110"]
[White "Nickel, Jonas"]
[Black "Ohler, Julius"]
[Result "1/2-1/2"]
[WhiteElo "1776"]
[BlackElo "1646"]
[PlyCount "29"]
[EventDate "2017.??.??"]
[WhiteTeam "SG Wächtersbach"]
[BlackTeam "SG Trier"]

1. e4 d5 2. exd5 Nf6 3. c4 c6 4. dxc6 Nxc6 5. Nc3 Bf5 6. Nf3 e5 7. Be2 Bc5 8.
d3 O-O 9. O-O Re8 10. Bg5 h6 11. Bxf6 Qxf6 12. Nd5 Qd6 13. Nd2 e4 14. dxe4 Bxe4
15. Nxe4 1/2-1/2

[Event "Sparkassen-Open A"]
[Site "Heusenstamm, Martinsee"]
[Date "2017.11.26"]
[Round "6.111"]
[White "Riemann, Jonas"]
[Black "Dolaberidze, Nico"]
[Result "1/2-1/2"]
[WhiteElo "1717"]
[BlackElo "1454"]
[PlyCount "73"]
[EventDate "2017.??.??"]
[WhiteTeam "SK Bickenbach"]
[BlackTeam "SV Neu-Isenburg"]

1. e4 e5 2. Nf3 Nc6 3. Bc4 Bc5 4. c3 Nf6 5. d4 exd4 6. cxd4 Bb4+ 7. Bd2 Bxd2+
8. Nbxd2 O-O 9. d5 Na5 10. Bd3 b6 11. O-O Nb7 12. b4 Qe7 13. Qb3 a5 14. a3 d6
15. Rac1 Bg4 16. Nd4 axb4 17. axb4 Rfc8 18. Nc6 Qe8 19. Ra1 Bd7 20. Na7 Rcb8
21. Rfc1 c5 22. dxc6 Bxc6 23. Nxc6 Rxa1 24. Rxa1 Qxc6 25. Bc4 Nd8 26. Bd5 Qc7
27. Qc4 Nxd5 28. exd5 Qd7 29. Rc1 Rb7 30. h3 h6 31. Nf3 Kh7 32. Nd4 Qe8 33. Nc6
Qd7 34. Nxd8 Qxd8 35. Qc6 Rd7 36. Qc8 Qe7 37. Qc6 1/2-1/2

[Event "Sparkassen-Open A"]
[Site "Heusenstamm, Martinsee"]
[Date "2017.11.26"]
[Round "6.112"]
[White "Bengsch, Norbert"]
[Black "Kilthau, Peter"]
[Result "0-1"]
[WhiteElo "1799"]
[BlackElo "1826"]
[PlyCount "40"]
[EventDate "2017.??.??"]
[WhiteTeam "SG Donautal Tuttlingen"]
[BlackTeam "SK Mannheim"]

1. d4 d6 2. e4 g6 3. Nc3 Bg7 4. Bc4 c6 5. Nf3 Nf6 6. Qe2 b5 7. Bb3 a5 8. a4 b4
9. Nd1 Ba6 10. Qe3 O-O 11. Bd2 Qc8 12. h3 c5 13. e5 cxd4 14. Qxd4 Nc6 15. Qh4
Nxe5 16. Nxe5 dxe5 17. Ne3 Bb7 18. O-O Ne4 19. Rad1 h5 20. g4 Bf6 0-1

[Event "Sparkassen-Open A"]
[Site "Heusenstamm, Martinsee"]
[Date "2017.11.26"]
[Round "6.113"]
[White "Boder, Jan"]
[Black "Bitzer, André"]
[Result "1-0"]
[WhiteElo "1756"]
[BlackElo "1719"]
[PlyCount "109"]
[EventDate "2017.??.??"]
[WhiteTeam "SG Mörsdorf-Lahr"]
[BlackTeam "SV Griesheim"]

1. b3 e5 2. Bb2 d6 3. e3 Bf5 4. Qf3 Qc8 5. Bc4 Nf6 6. Qd1 d5 7. Be2 Bd6 8. Nf3
Qe6 9. c4 c6 10. Nc3 h6 11. cxd5 cxd5 12. Nb5 Nbd7 13. Nxd6+ Qxd6 14. d3 O-O
15. O-O Bh7 16. d4 e4 17. Ne5 Qe6 18. Nxd7 Nxd7 19. Qd2 Rac8 20. Ba3 Rfe8 21.
Rac1 a6 22. Rc3 Bf5 23. Rfc1 Nb8 24. Rc7 b5 25. Qb4 Nc6 26. R1xc6 Qxc6 27. Rxc6
Rxc6 28. Qd2 Rec8 29. Bc5 Rg6 30. Bf1 Rcc6 31. g3 Bg4 32. Bg2 h5 33. h3 Bc8 34.
h4 Rgf6 35. Qa5 Kh7 36. Qd2 Rf5 37. Bh3 Rf3 38. Bxc8 Rxc8 39. b4 Rc6 40. a3 Kg6
41. Qe1 Kh6 42. Qf1 Rcf6 43. Be7 Rc6 44. Bc5 Rcf6 45. Qe2 Kg6 46. Qd2 Kh6 47.
Be7 Rc6 48. Bg5+ Kg6 49. Bf4 Kf5 50. Qa2 Ke6 51. a4 Kf5 52. axb5 Rc1+ 53. Kg2
Kg4 54. Qxd5 f6 55. Qe6+ 1-0

[Event "Heusenstamm Sparkassen Open"]
[Site "Heusenstamm"]
[Date "2017.11.26"]
[Round "7.1"]
[White "Bortnyk, Oleksandr"]
[Black "Kantans, Toms"]
[Result "1-0"]
[WhiteElo "2600"]
[BlackElo "2509"]
[PlyCount "99"]
[EventDate "2017.??.??"]

1. d4 Nf6 2. Nf3 g6 3. Nbd2 d5 4. e3 Bg7 5. b4 O-O 6. a4 a5 7. b5 c5 8. Be2
Nbd7 9. O-O Qc7 10. c4 cxd4 11. exd4 dxc4 12. Nxc4 Nb6 13. Nxb6 Qxb6 14. Ba3
Nd5 15. Bc4 Nb4 16. Qb3 Qd6 17. Ne5 Be6 18. Bxe6 Qxe6 19. Qxe6 fxe6 20. Rac1
Rfd8 21. Nf3 Rac8 22. g3 Nd5 23. Kg2 Bh6 24. Rce1 Rc2 25. Bc1 Bxc1 26. Rxc1 Ra2
27. Rfe1 Rxa4 28. Ng5 Ra2 29. Nxe6 Ra8 30. Nc7 Nxc7 31. Rxc7 Rf8 32. Rexe7
Rfxf2+ 33. Kh3 b6 34. Kg4 Rad2 35. Rg7+ Kf8 36. Rgd7 Kg8 37. Rg7+ Kf8 38. Rxh7
Rxd4+ 39. Kg5 Rd5+ 40. Kxg6 Rd6+ 41. Kg5 Rd5+ 42. Kg4 Kg8 43. Rcg7+ Kf8 44. Rb7
Kg8 45. Rhg7+ Kf8 46. Rgc7 Rd8 47. h4 a4 48. Rxb6 a3 49. Ra6 a2 50. b6 1-0

[Event "Heusenstamm Sparkassen Open"]
[Site "Heusenstamm"]
[Date "2017.11.26"]
[Round "7.2"]
[White "Sivuk, Vitaly"]
[Black "Sumets, Andrey"]
[Result "1-0"]
[WhiteElo "2551"]
[BlackElo "2588"]
[PlyCount "137"]
[EventDate "2017.??.??"]

1. c4 Nf6 2. g3 c6 3. Nf3 d5 4. Bg2 g6 5. b3 Bg7 6. Bb2 O-O 7. O-O Bg4 8. d3
Bxf3 9. Bxf3 e6 10. Nd2 Nbd7 11. Qc2 Ne8 12. d4 Nd6 13. e3 Re8 14. Bg2 a5 15.
a4 Nf5 16. Bc3 Bf8 17. Rad1 Nf6 18. Qb2 Bg7 19. Rb1 Ra7 20. Rfd1 Nd6 21. Qc2
Bf8 22. Rb2 Qc7 23. c5 Nf5 24. b4 axb4 25. Rxb4 Nd7 26. Rdb1 e5 27. Bh3 exd4
28. exd4 Bg7 29. Nb3 Re4 30. a5 Nf8 31. Bxf5 gxf5 32. Nd2 Re7 33. Qxf5 Qxa5 34.
Nf3 Qc7 35. Bd2 Ng6 36. h4 Re4 37. h5 Ne7 38. Qh3 f5 39. Bf4 Qc8 40. Bd6 Bf6
41. R1b2 h6 42. Kg2 Kf7 43. Ne5+ Ke6 44. Qh1 Qa8 45. Nf3 Ra1 46. Rb1 Rxb1 47.
Qxb1 b5 48. cxb6 Kxd6 49. Ra4 Qxa4 50. b7 Ke6 51. b8=Q Kf7 52. Q1b6 Bxd4 53.
Nxd4 Qxd4 54. Qxd4 Rxd4 55. Qh8 Rg4 56. Qxh6 c5 57. f3 Rg8 58. Qd6 c4 59. Kf2
Rc8 60. Ke1 Rc6 61. Qd7 Re6+ 62. Kd1 Re3 63. g4 fxg4 64. fxg4 Kf6 65. h6 Re4
66. Qd8 Kg6 67. g5 Re6 68. Qe8+ Kxg5 69. h7 1-0

[Event "Heusenstamm Sparkassen Open"]
[Site "Heusenstamm"]
[Date "2017.11.26"]
[Round "7.3"]
[White "Kollars, Dmitrij"]
[Black "Winterberg, Lukas"]
[Result "1-0"]
[WhiteElo "2500"]
[BlackElo "2384"]
[PlyCount "99"]
[EventDate "2017.??.??"]

1. e4 c6 2. d4 d5 3. e5 Bf5 4. h4 h5 5. Bd3 Bxd3 6. Qxd3 e6 7. Bg5 Qb6 8. Nd2
Nd7 9. Ngf3 Ne7 10. O-O Nf5 11. c4 Qa6 12. Qc3 Ne7 13. b3 O-O-O 14. a4 f6 15.
Be3 fxe5 16. dxe5 c5 17. Bg5 Re8 18. b4 cxb4 19. Qxb4 Nc6 20. Qb5 Qxb5 21. axb5
Ncxe5 22. Rxa7 Nxf3+ 23. Nxf3 Bc5 24. Ra2 d4 25. Bf4 e5 26. Bxe5 Nxe5 27. Nxe5
Kc7 28. Nd3 Kb6 29. g3 Be7 30. Re1 Bf6 31. Rb1 g5 32. c5+ Kc7 33. Nb4 Re5 34.
b6+ Kd7 35. hxg5 Rxg5 36. Ra7 Rxc5 37. Rxb7+ Ke6 38. Nd3 Rc3 39. Nf4+ Kd6 40.
Rf7 Be5 41. Ng6 Rb8 42. Kg2 d3 43. b7 Rc2 44. Rf3 d2 45. Rd3+ Ke6 46. Rb6+ Kf5
47. Rd5 Rc5 48. Rxc5 d1=Q 49. Rxe5+ Kg4 50. Rb4+ 1-0

[Event "Heusenstamm Sparkassen Open"]
[Site "Heusenstamm"]
[Date "2017.11.26"]
[Round "7.4"]
[White "Carlstedt, Jonathan"]
[Black "Pap, Misa"]
[Result "1/2-1/2"]
[WhiteElo "2403"]
[BlackElo "2494"]
[PlyCount "134"]
[EventDate "2017.??.??"]

1. d4 f5 2. Bg5 g6 3. h4 Bg7 4. e3 d6 5. Nc3 h6 6. Bf4 Nf6 7. Qf3 O-O 8. Bc4+
e6 9. Nh3 Nc6 10. O-O-O Na5 11. Be2 Qe8 12. Bh2 a6 13. Nf4 g5 14. hxg5 hxg5 15.
Nh5 Nxh5 16. Qxh5 Qxh5 17. Bxh5 b5 18. Bf3 Bb7 19. Rdg1 g4 20. Bxb7 Nxb7 21.
Bf4 Kf7 22. Bh6 Rh8 23. Bxg7 Kxg7 24. Ne2 Kf6 25. Kd2 c5 26. c3 Na5 27. Nf4
Nc4+ 28. Kc2 g3 29. fxg3 Nxe3+ 30. Kd3 Ng4 31. Rh4 Rag8 32. Rf1 e5 33. Nd5+ Ke6
34. Nc7+ Kd7 35. Nd5 Ke6 36. Nc7+ Kd7 37. Nd5 c4+ 38. Ke2 Ke6 39. Nc7+ Kd7 40.
Nxa6 Rxh4 41. gxh4 f4 42. dxe5 dxe5 43. Nc5+ Ke7 44. Ne4 Ne3 45. Rg1 Nf5 46. h5
Rg4 47. Kf2 Rh4 48. g3 fxg3+ 49. Nxg3 Nxg3 50. Rxg3 Rxh5 51. Kf3 Ke6 52. Rg6+
Kf5 53. Rg2 Rh3+ 54. Ke2 Kf4 55. Rf2+ Ke4 56. Kd2 Rd3+ 57. Ke2 Rd8 58. Rh2 Ra8
59. a3 Rf8 60. Rh4+ Rf4 61. Rh3 Rg4 62. Kf2 Rg8 63. Re3+ Kd5 64. Rh3 Rg7 65.
Rh5 Rf7+ 66. Ke2 Rg7 67. Kf2 Rg6 1/2-1/2

[Event "Heusenstamm Sparkassen Open"]
[Site "Heusenstamm"]
[Date "2017.11.26"]
[Round "7.5"]
[White "Sai Agni Jeevitesh, J."]
[Black "Noe, Christopher"]
[Result "0-1"]
[WhiteElo "2364"]
[BlackElo "2463"]
[PlyCount "82"]
[EventDate "2017.??.??"]

1. d4 Nf6 2. c4 e6 3. Nf3 Bb4+ 4. Nbd2 O-O 5. a3 Bxd2+ 6. Bxd2 b6 7. Bg5 Bb7 8.
e3 d6 9. Qc2 Nbd7 10. Bd3 h6 11. Bh4 c5 12. O-O Bxf3 13. gxf3 cxd4 14. exd4 Qc7
15. Kh1 d5 16. Bg3 Qc6 17. cxd5 Qxd5 18. Be4 Nxe4 19. fxe4 Qb7 20. f3 f5 21.
Qb3 Rae8 22. Bd6 Rf7 23. e5 Nf8 24. Rad1 Ng6 25. d5 exd5 26. Rxd5 Nf4 27. Rd4
Ne6 28. Rd2 Kh8 29. Kg1 g5 30. Rc1 Rg7 31. Qd5 Qf7 32. Rg2 Qh5 33. Rg3 g4 34.
fxg4 Rxg4 35. Rcc3 Nf4 36. Qb5 Ne2+ 37. Kg2 Nxg3 38. hxg3 Re4 39. Rf3 Rc8 40.
Qd3 Rc1 41. Be7 Qh1+ 0-1

[Event "Heusenstamm Sparkassen Open"]
[Site "Heusenstamm"]
[Date "2017.11.26"]
[Round "7.6"]
[White "Stocek, Jiri"]
[Black "Thinius, Marco"]
[Result "1/2-1/2"]
[WhiteElo "2567"]
[BlackElo "2375"]
[PlyCount "97"]
[EventDate "2017.??.??"]

1. d4 Nf6 2. Nf3 g6 3. c4 Bg7 4. Nc3 d5 5. Qb3 dxc4 6. Qxc4 O-O 7. e4 Nc6 8.
Bf4 Nd7 9. O-O-O Nb6 10. Qc5 Bg4 11. d5 Bxf3 12. gxf3 Ne5 13. h4 Qd6 14. Qxd6
cxd6 15. Bg5 Rfe8 16. Bb5 Ned7 17. Na4 Rec8+ 18. Kb1 Kf8 19. Nxb6 Nxb6 20. b3
Rc3 21. Be2 Rac8 22. Rc1 h5 23. Rxc3 Rxc3 24. Bd2 Rc7 25. Be3 Nd7 26. f4 a6 27.
f3 Bh6 28. Rd1 Bg7 29. Bd2 Bf6 30. Be1 Ke8 31. Bf1 Rc8 32. Bh3 Rc7 33. Ba5 Rc5
34. Bb4 Rc8 35. Rh1 Kd8 36. Ba5+ Ke8 37. Rh2 Rc5 38. Bb4 Rc7 39. Be1 Rc5 40.
Re2 Kd8 41. Rg2 Ke8 42. f5 Ne5 43. fxg6 fxg6 44. f4 Nd3 45. Bd2 Bc3 46. Be3 Bd4
47. Bd2 Bc3 48. Be3 Bd4 49. Bd2 1/2-1/2

[Event "Heusenstamm Sparkassen Open"]
[Site "Heusenstamm"]
[Date "2017.11.26"]
[Round "7.7"]
[White "Osmanodja, Filiz"]
[Black "Nikolov, Momchil"]
[Result "0-1"]
[WhiteElo "2242"]
[BlackElo "2561"]
[PlyCount "64"]
[EventDate "2017.??.??"]

1. e4 c6 2. d4 d5 3. e5 Bf5 4. Nf3 e6 5. Nbd2 c5 6. Bb5+ Nd7 7. dxc5 Bxc5 8.
Nb3 Bb6 9. Nfd4 Bg6 10. h4 h5 11. Qe2 Qc7 12. Rh3 a6 13. Rc3 Qb8 14. Bxd7+ Kxd7
15. a4 Ne7 16. a5 Bxd4 17. Nxd4 Rc8 18. Rb3 Rc4 19. c3 Qc7 20. Be3 Ke8 21. f4
Kf8 22. Kf2 Rb8 23. Rg1 Nc6 24. g4 hxg4 25. Nxc6 Qxc6 26. Rb6 Qa4 27. Qxg4 d4
28. cxd4 Rc2+ 29. Kf3 Qc4 30. Kg3 Qd3 31. Qf3 Bh5 32. Qxh5 Qxe3+ 0-1

[Event "Heusenstamm Sparkassen Open"]
[Site "Heusenstamm"]
[Date "2017.11.26"]
[Round "7.8"]
[White "Enchev, Ivajlo"]
[Black "Jahncke, Giso"]
[Result "1-0"]
[WhiteElo "2490"]
[BlackElo "2352"]
[PlyCount "82"]
[EventDate "2017.??.??"]

1. Nf3 Nf6 2. c4 g6 3. Nc3 Bg7 4. g3 O-O 5. Bg2 d5 6. cxd5 Nxd5 7. h4 h6 8. O-O
c5 9. d3 Nc6 10. Nxd5 Qxd5 11. Be3 Bd7 12. Qc1 Qh5 13. Qxc5 Qxc5 14. Bxc5 b6
15. Be3 Bxb2 16. Bxh6 Bxa1 17. Bxf8 Bb2 18. Bh6 Rc8 19. Rb1 Ba3 20. Bc1 Bd6 21.
Bb2 Nb4 22. a3 Nc2 23. Ne5 Bxe5 24. Bxe5 Nxa3 25. Ra1 Nb5 26. Bb7 Rc5 27. Bf4
Rc2 28. Kf1 Nd4 29. Rxa7 Nxe2 30. Be3 Bh3+ 31. Ke1 b5 32. Bf3 Nc3 33. Bd4 f6
34. Rxe7 b4 35. Bxf6 b3 36. Bxc3 Rxc3 37. Bd5+ Kf8 38. Rf7+ Ke8 39. Rb7 Rc1+
40. Kd2 Rc2+ 41. Ke3 b2 1-0

[Event "Heusenstamm Sparkassen Open"]
[Site "Heusenstamm"]
[Date "2017.11.26"]
[Round "7.9"]
[White "Karthik, Venkataraman"]
[Black "Euler, Gerd"]
[Result "1-0"]
[WhiteElo "2466"]
[BlackElo "2315"]
[PlyCount "79"]
[EventDate "2017.??.??"]

1. e4 e5 2. Nf3 Nc6 3. Bb5 f5 4. Nc3 fxe4 5. Nxe4 d5 6. Nxe5 dxe4 7. Nxc6 Qg5
8. Qe2 Nf6 9. Ne5+ c6 10. f4 Qxf4 11. d4 Qh4+ 12. g3 Qh3 13. Bc4 Be6 14. Bf4
Bd6 15. O-O-O O-O-O 16. Kb1 Rhf8 17. Rhf1 Kb8 18. a4 Ka8 19. a5 Bxe5 20. dxe5
Bxc4 21. Qxc4 Nd5 22. a6 e3 23. Bg5 Rxf1 24. Rxf1 Re8 25. axb7+ Kb8 26. Re1
Rxe5 27. Bf4 Nxf4 28. Qg8+ Kxb7 29. Qxg7+ Kb6 30. Qxe5 Ng2 31. Rd1 Qxh2 32.
Qb8+ Ka6 33. Rd3 Qh1+ 34. Ka2 Qe1 35. Ra3+ Qa5 36. b4 Qxa3+ 37. Kxa3 e2 38. Ka4
e1=Q 39. b5+ cxb5+ 40. Qxb5# 1-0